000 00464nam a2200133 a 4500
008 120416s1972 ||||||||||||||||| || u
050 _aREF T 55.3.H3 Mei
100 _aMeidl, James H
245 1 0 _aHarzadous materials handbook
260 _aBeverly Hills
_bGlencoe Press
_c1972
300 _axviii, 350p.
350 _a0.00
995 _D0.00
_FCBU-MAIN LIBRARY (Kitwe)
_H1
_I45.00
_M1
_UDAMAGED
_ZReference Collection
999 _c45388
_d45388